000 00674nam a22001337a 4500
040 _cRUA
082 _aAGR NOU 2015 B521 Or.1
100 _aNOUN SOPHEAK; នួន សុភក្តិ
245 _aEffect of plant biomass inputs on soil organic carbon on rice cropping system under conservation Agriculture; ឥទ្ធិពលជីវម៉ាសរុក្ខេជាតិលើកាបូនសរីរាង្គក្នុងប្រព័ន្ធដាំដុះដំណាំស្រូវកសិកម្មអភិរក្ស
260 _aPhnom Penh
_bRUA
_c2015
300 _aix; 54p;
_bill;
_c29cm;
856 _uNOUN SOPHEAK
942 _cAGR
999 _c10735
_d10735